Bundesliga Jahrestabelle 2025 - Statistiken

Allgemein
  • Dieses Quiz wurde 113 mal gespielt
  • Das Durchschnittsergebnis liegt bei 12 aus 20
Antwortstatistiken
Punkte Spiele Verein % Korrekt
87 34 FC Bayern München
100%
66 34 Bayer Leverkusen
95%
64 34 Borussia Dortmund
93%
58 34 Eintracht Frankfurt
84%
53 34 RB Leipzig
77%
53 34 VfB Stuttgart
67%
51 34 SC Freiburg
65%
45 34 TSG Hoffenheim
57%
41 34 FC Augsburg
53%
45 34 Union Berlin
52%
37 34 VfL Wolfsburg
52%
43 34 Werder Bremen
52%
16 15 Hamburger SV
48%
30 34 1.FC Heidenheim
47%
35 34 1. FSV Mainz 05
47%
16 15 1. FC Köln
46%
30 34 FC St. Pauli
45%
37 34 Borussia Mönchengladbach
41%
17 19 VfL Bochum
41%
17 19 Holstein Kiel
40%
Keine übereinstimmenden Quizze gefunden
Verteilung der Resultate
Anzahl Personen mit jedem Resultat
Perzentil nach korrekt beantworteten Fragen
Ihre Resultats-Entwicklung
Sie haben dieses Quiz noch nicht gespielt